A course in anyasis number theory / (Record no. 139115)

MARC details
000 -LEADER
fixed length control field 00724nam a22002057a 4500
005 - DATE AND TIME OF LATEST TRANSACTION
control field 20170420121512.0
010 ## - LCCN (DPL NO)
LC control number ENG-117893
020 ## - INTERNATIONAL STANDARD BOOK NUMBER
Terms of availability 1255.00
International Standard Book Number 9791470437305
035 ## - SYSTEM CONTROL NUMBER
System control number EN-101425
037 ## - SOURCE OF ACQUISITION
Source of stock number/acquisition DBAD/PUB
082 ## - DEWEY DECIMAL CLASSIFICATION NUMBER
Classification number 512.5
100 ## - MAIN ENTRY--PERSONAL NAME
Personal name Overholt,Marius
245 ## - TITLE STATEMENT
Title A course in anyasis number theory /
Statement of responsibility, etc by Marius Overholt
260 ## - PUBLICATION, DISTRIBUTION, ETC. (IMPRINT)
Place of publication, distribution, etc New Delhi
Name of publisher, distributor, etc American Mathematical Society
Date of publication, distribution, etc 2017
270 ## - ADDRESS
Address Distributed by Universties Press,3-6-747/1/A3-6-754/1Himayat Nagar
City Hydreabad (Telangana)
Postal code 500029
300 ## - PHYSICAL DESCRIPTION
Extent xv,284p.
Dimensions 24cm(pbk)
490 ## - SERIES STATEMENT
Series statement Graduate Studies in Mathematics ; Volume 160
500 ## - GENERAL NOTE
General note Includes bibliographical references and index
942 ## - ADDED ENTRY ELEMENTS (KOHA)
Source of classification or shelving scheme Dewey Decimal Classification
Item type English Books
Classification part 512.73
Call number suffix OVE
Holdings
Withdrawn status Lost status Not for loan Collection code Home library Current library Date acquired Source of acquisition Cost, normal purchase price Full call number Barcode Copy number Cost, replacement price Koha item type
    Not For Loan Non-fiction D.B.Act.Division D.B.Act.Division 20/04/2017 DBAD/PUB 1225.00 512.73 OVE EN-101425 1 1225.00 English Books

© Delhi Public Library
Hit Counter
free hit counter